000
00343nam a2200145Ia 4500
008
150301s2015 xx 000 0 und d
082
_a
661.01
_b
E08S
100
_a
SIDDIQUI, ANUS .A
245
_a
EXPERIMENTALPHARMACEUTICAL CHEMISTRY
250
_a
2ND
260
_b
CBS- DELHI
300
_a
304
650
_a
PHARMACEUTICS
942
_2
ddc
_c
BK
999
_c
7380
_d
7380